|
|
|
|
| LEADER |
00000nam0a2200000 4500 |
| 001 |
364419 |
| 005 |
20231102011703.0 |
| 035 |
|
|
|a (RuTPU)RU\TPU\retro\21777
|
| 090 |
|
|
|a 364419
|
| 100 |
|
|
|a 20211116d1981 km y0rusy50 ca
|
| 101 |
0 |
|
|a rus
|
| 102 |
|
|
|a RU
|
| 105 |
|
|
|a a z 001zy
|
| 200 |
1 |
|
|a Устойчивость нелинейных механических и электромеханических систем
|f М. Я. Вайман
|
| 210 |
|
|
|a Москва
|c Машиностроение
|d 1981
|
| 215 |
|
|
|a 127 с.
|c ил.
|
| 320 |
|
|
|a Библиогр.: с. 123-125
|
| 606 |
1 |
|
|a Механические системы, нелинейные
|x Устойчивость
|2 stltpush
|3 (RuTPU)RU\TPU\subj\43604
|9 63080
|
| 606 |
1 |
|
|a Электромеханические системы
|2 stltpush
|3 (RuTPU)RU\TPU\subj\20263
|9 45374
|
| 610 |
1 |
|
|a консервативные модели
|
| 610 |
1 |
|
|a равновесие
|
| 610 |
1 |
|
|a допустимые возмущения
|
| 610 |
1 |
|
|a оценка
|
| 610 |
1 |
|
|a критериальные неравенства
|
| 610 |
1 |
|
|a демпфирование
|
| 675 |
|
|
|a 539.3:51
|v 4
|
| 675 |
|
|
|a 621.31
|v 4
|
| 700 |
|
1 |
|a Вайман
|b М. Я.
|g Михаил Яковлевич
|
| 801 |
|
1 |
|a RU
|b 63413507
|c 20211116
|
| 801 |
|
2 |
|a RU
|b 63413507
|c 20211116
|g RCR
|
| 942 |
|
|
|c BK
|